00356nam a2200133 a 4500008004100000050001500041100002100056245003500077246002600112250001200138260004100150300002200191350000900213120416s1968 ||||||||||||||||| || u aQA 303 Tho aThomas, George B10aCalculus and analytic geometry aGeorge B. Thomas. jr. a4th ed. aReading, Mass.bAddison-Wesleyc1968 axii, 818p. : ill. a0.00